1038 1784 1145 1142 1160 1765 1704 1574 1731 1134 1390 1283 1243 1936 1243 1658 1056 1776 1632 1090 1889 1340 1969 1571 1028 1917 1821 1025 1135 1651 1610 1660 1751 1870 1354 1175 1815 1835 1429 1481 1111 1877 1597 1997 1864 1110 1957 1141 1205 1089 1971 1802 1780 1568 1041 1667 1447 1084 1445 1776 1728 1784 1656 1391 1936 1420 1746 1691 1858 1735 1308 1050 1945 1799 1215 1700 1461 1628 1408 1979 1500 1249 1621 1772 1199 1377 1908 1262 1562 1242 1636 1720 1424 1215 1366 1175 1593 1111 1365 BCNSPRNW ULIB Ver.6.0+V

เปลี่ยนเป็นภาษาไทย

Change to English
 แสดงรายละเอียดบรรณานุกรม
  กลับหน้าหลัก

Brief Record : Get Marc (ISO 2709) : E-mail record : QR code < ปิดหน้าต่าง
LEADER : 00000nam 2200000uu 4500
001    13399111196
003     ULIB
008    110620s||||||||th 000 0 tha d
020    9789747476293
050  4 BF636^bว617บ 2550
100 0  วินทร์ เลียววาริณ,^d2499-
245 10 เบื้องบนยังมีแสงดาว /^cวินทร์ เลียววาริณ
250    พิมพ์ครั้งที่ 1
260    กรุงเทพฯ :^bบริษัท 113 จำกัด,^c2550
300    239 หน้า :^bภาพประกอบ ;^c23 ซม.
440  0 รวมบทความเสริมกำลังใจ ;^vชุด 3
650  7 กำลังใจ
945    ^p185^l0^i022041
995    ทศพร
999 ^a ใช้งานได้ทุกระบบ
รายการนี้ยังไม่มีแท็ก
คุณยังไม่ได้ล็อกอิน คุณสามารถมีกิจกรรมร่วมกับเว็บไซต์ได้ แต่ต้องล็อกอินก่อน ::
  ล็อกอิน

รายการสื่อสารสนเทศ

ลำดับที่ ประเภท เลขเรียก/บาร์โค้ด สถานที่ สถานะ
- ไม่พบข้อมูล -

รายการใกล้เคียง
    หัวเรื่อง [กำลังใจ]

BibComment


ยังไม่เคยถูกคอมเมนท์

คอมเมนท์ทรัพยากรรายการนี้
  คอมเมนท์: เบื้องบนยังมีแสงด..


 Copyright 2026. Bcnsprnw @Library